000 01993cim a2200505 a 4500
001 17951779
003 NUST
005 20220726182306.0
007 sd fsngnnmmned
008 131122s2013 nyunnn|g f | eng d
010 _a 2013626634
020 _a9781611761801
020 _a1611761808
035 _a(OCoLC)ocn843947571
038 _aAzhar
040 _aVPW
_cVPW
_dUPZ
_dJP3
_dVP@
_dDLC
042 _alccopycat
043 _aa-af---
050 0 0 _aSDC 30019
082 _a813.6
_bHOS
100 1 _aHosseini, Khaled.
245 1 0 _aAnd the mountains echoed
_cKhaled Hosseini.
260 _aNew York :
_bCengage learning
_c2013.
300 _a595p
_bdigital ;
_c4 3/4 in.
306 _a140000
500 _aUnabridged.
500 _aCompact disc.
511 0 _aRead by the author, Navid Negahban, and Shohreh Aghdashloo.
520 _aA novel about how people love, how they take care of each other, and how choices made today can resonate through future generations. Author Khaled Hosseini gives listeners a multi-generational family story revolving around siblings and how they love, betray, hurt, honor, and would do anything for one another.
650 0 _aFamilies
_vFiction.
_995394
650 0 _aInterpersonal relations
_vFiction.
650 0 _aCommunity life
_vFiction.
_995395
650 0 _aBrothers and sisters
_vFiction.
_97599
650 0 _aHistorical fiction.
_950717
650 0 _aDomestic fiction.
_911588
650 0 _aAudiobooks.
_995396
651 0 _aAfghanistan
_vFiction.
_93708
700 1 _aNegahban, Navid,
_d1968-
_4nrt
_995397
700 1 _aAghdashloo, Shohreh,
_d1952-
_4nrt
_995398
856 4 2 _3Contributor biographical information
_uhttp://www.loc.gov/catdir/enhancements/fy1404/2013626634-b.html
856 4 2 _3Publisher description
_uhttp://www.loc.gov/catdir/enhancements/fy1404/2013626634-d.html
906 _a7
_bcbc
_ccopycat
_d2
_encip
_f20
_gy-soundrec
942 _2ddc
_cLC
999 _c590678
_d590678